Представление документа в формате RUSMARC

ПолеНазваниеЗначение
  Тип записи a
  Библиографический уровень m
001 Контрольный номер RU/SLIB/B/208719439
005 Дата корректировки 20201206203939.2
010 Индекс ISBN __
d Цена 1-04
101 Язык документа __
a Язык текста rus
200 Заглавие и сведения об ответственности 0_
a Заглавие Подводная лаборатория "Силаб-2"
e Сведения, относящиеся к заглавию пер. с англ.
b Общее обозначение материала Текст
210 Выходные данные __
a Место издания Л.
c Издательство Судостроение
d Дата издания 1968
215 Физическое описание __
a Объем 204 с.
c Иллюстрации/тип воспроизводства ил.
606 Тематические рубрики __
a Основная рубрика Транспорт
606 Тематические рубрики __
a Основная рубрика Суда
610 Ключевые слова __
a Ключевые слова подводные лаборатории; подводная техника; Силаб-2; подводные экспедиции
686 Индексы других классификаций __
a Классификационный индекс 39.42
801 Источник записи _0
a Страна RU
b Организация Муниципальное бюджетное учреждение культуры "Централизованная библиотечная система" г. Сургут (Центральная городская библиотека им. А. С. Пушкина)
g Правила каталогизации К/Кундохова В.С.
801 Источник записи _1
a Страна RU
b Организация Муниципальное бюджетное учреждение культуры "Централизованная библиотечная система" г. Сургут (Центральная городская библиотека им. А. С. Пушкина)
g Правила каталогизации К/Кундохова В.С.
852 Данные о местонахождении __
j Шифр хранения 39.42
c Каталожный индекс 39.42
i Авторский знак П 44
p Инвентарный номер 15199(c)
901 Тип документа __
t Тип документа m
990 Данные о заказе (DOS) __
j Количество экземпляров (DOS) 1